000 00523nam a2200145 a 4500
008 120416s1936 ||||||||||||||||| || u
050 _aHJ 171 Vit
100 _aMarget, Edith Pavlo
245 1 0 _aFirst principles of public finance
_cedited by Edith Pavlo Maret
260 _aLondon
_bJ. Cape
_c1936
300 _a435p.
350 _a0.00
700 _aViti de Marco, Antonio
995 _D0.00
_FCBU-MAIN LIBRARY (Kitwe)
_H1
_I0.00
_M1
_UDAMAGED
_ZMain Library Open Access Collection
999 _c43563
_d43563